000 01065nam a22002417a 4500
999 _c6033
_d6033
005 20251125232805.0
008 s2540 th tha d
020 _a9748999505
040 _aNALT
041 _atha
050 _aDS578.32 ป828จ 2540
100 0 _aจรัล ดิษฐาอภิชัย
245 1 0 _aจอมพล ป. พิบูลสงครามกับการเมืองไทยสมัยใหม่
260 3 _aกรุงเทพฯ :
_bมูลนิธิโครงการตำราสังคมศาสตร์และมนุษยศาสตร์,
_c2540
300 _a411 หน้า :
_b ภาพประกอบ ;
_c 21 ซม.
650 0 4 _aแปลก พิบูลสงคราม -- ผลงาน
650 0 4 _aแปลก พิบูลสงคราม, 2440--2507
700 0 _aชาญวิทย์ เกษตรศิริ
850 _aNALT
856 4 0 _uhttps://hdl.handle.net/20.500.14156/401601
_71
942 _cGB
_2lcc